Veshyavaritti mein mahilayen aur bacche: Samajjanya atyachar (Record no. 81682)

MARC details
000 -LEADER
fixed length control field 00402nam a2200145Ia 4500
008 - FIXED-LENGTH DATA ELEMENTS--GENERAL INFORMATION
fixed length control field 230917s9999||||xx |||||||||||||| ||und||
040 ## - CATALOGING SOURCE
-- 88412
Original cataloging agency VIVEKANANDA LIBRARY
041 ## - Language
-- English
082 ## - DDC NUMBER
Classification number 301.412 R186V
100 ## - MAIN ENTRY--PERSONAL NAME
Personal name Rashtriya Mahila Aayog
245 #0 - TITLE STATEMENT
Title Veshyavaritti mein mahilayen aur bacche: Samajjanya atyachar
260 ## - PUBLICATION, DISTRIBUTION, ETC. (IMPRINT)
Place of publication, distribution, etc New Delhi
Name of publisher, distributor, etc Rashtriya Mahila Ayog
Date of publication, distribution, etc 1996
300 ## - PHYSICAL DESCRIPTION
Pages 68 p.
942 ## - ADDED ENTRY ELEMENTS (KOHA)
Koha item type Books
Holdings
Withdrawn status Lost status Damaged status Not for loan Location (home branch) Sublocation or collection (holding branch) Date acquired Koha issues (times borrowed) Koha full call number Accession No. Koha date last seen Koha item type
        VIVEKANANDA LIBRARY VIVEKANANDA LIBRARY 23/04/2003   301.412 R186V 158454 17/09/2023 Books
        VIVEKANANDA LIBRARY VIVEKANANDA LIBRARY 23/04/2003   301.412 R186V 158455 17/09/2023 Books
        VIVEKANANDA LIBRARY VIVEKANANDA LIBRARY 23/04/2003   301.412 R186V 158456 17/09/2023 Books
        VIVEKANANDA LIBRARY VIVEKANANDA LIBRARY 23/04/2003   301.412 R186V 158457 17/09/2023 Books
© Designed and Maintained by Vivekananda Library, MDU Rohtak